Theory Of Machines (Record no. 354273)

MARC details
000 -LEADER
fixed length control field 00346nam a2200133Ia 4500
008 - FIXED-LENGTH DATA ELEMENTS--GENERAL INFORMATION
fixed length control field 230719s9999 xx 000 0 und d
041 ## - LANGUAGE CODE
Language code of text/sound track or separate title eng
082 ## - DEWEY DECIMAL CLASSIFICATION NUMBER
Classification number 621.8
Item number KHU
100 ## - MAIN ENTRY--PERSONAL NAME
Personal name Khurmi R.S.
9 (RLIN) 141538
245 ## - TITLE STATEMENT
Title Theory Of Machines
260 ## - PUBLICATION, DISTRIBUTION, ETC. (IMPRINT)
Name of publisher, distributor, etc. Eurasia Publishing House
365 ## - TRADE PRICE
Currency code Rs.
Price amount 110.00
700 ## - ADDED ENTRY--PERSONAL NAME
Personal name Khurmi R.S. & Gupta J.K.
9 (RLIN) 184777
Holdings
Withdrawn status Lost status Damaged status Not for loan Home library Current library Shelving location Date acquired Vendor Cost, normal purchase price Full call number Barcode Date last seen Cost, replacement price Bill Date Koha item type Original Barcode
        Cummins College of Engineering for Women Pune Cummins College of Engineering for Women Pune Donated Book 01/10/2015 Masurkar Enterprises 110.00 621.8 CCEP-DB-478 19/07/2023 110.00 19/07/2023 Books D00478